Statistics for U.S. Presidents Zoomed In

Click here to take the quiz!

General Stats

  • This quiz has been taken 21 times
  • The average score is 12 of 16

Answer Stats

Answer% Correct
Abraham Lincoln
100%
George Washington
100%
Donald Trump
94%
George W. Bush
94%
John F. Kennedy
94%
Ronald Reagan
94%
Thomas Jefferson
89%
Lyndon B. Johnson
78%
Woodrow Wilson
78%
Harry Truman
67%
Herbert Hoover
67%
William Taft
67%
James Monroe
56%
Calvin Coolidge
44%
Millard Fillmore
39%
Grover Cleveland
28%

Score Distribution

Percentile by Number Answered

Percent of People with Each Score

Your Score History

You have not taken this quiz